[Event "TCh-ITA 2012"]
[Site "Arvier ITA"]
[Date "2012.05.01"]
[Round "7"]
[White "Ronchetti, Niccolo'"]
[Black "Salvador, Roland"]
[Result "1/2-1/2"]
[WhiteTitle "IM"]
[BlackTitle "GM"]
[WhiteElo "2446"]
[BlackElo "2502"]
[WhiteTeam "Acc. Scacch. Italiana Bologna"]
[BlackTeam "CSKB Torveca Caffè Vigevano"]
[WhiteFideId "813125"]
[BlackFideId "5201047"]

1. e4 c5 2. c3 Nf6 3. e5 Nd5 4. d4 cxd4 5. Nf3 e6 6. cxd4 d6 7. Bc4 Nc6 8. O-O
Be7 9. exd6 Qxd6 10. Nc3 O-O 11. Re1 Nf6 12. Nb5 Qd8 13. Bf4 a6 14. Nc3 Na5 15.
Bd3 b5 16. Be5 Bb7 17. Qe2 Rc8 18. Rad1 Nc4 19. Ng5 h6 20. h4 Nd5 21. Bxg7 Kxg7
22. Qe4 Bxg5 23. Qh7+ Kf6 24. hxg5+ Ke7 25. Bf5 Kd6 26. Bxe6 fxe6 27. Qxb7 Nxc3
28. bxc3 Qb6 29. Rxe6+ Kxe6 30. Re1+ Kf5 31. Qd5+ Kg6 32. Re6+ Qxe6 33. Qxe6+
Kxg5 1/2-1/2

[Event "TCh-ITA 2012"]
[Site "Arvier ITA"]
[Date "2012.05.01"]
[Round "7"]
[White "Di Paolo, Raffaele"]
[Black "Codenotti, Marco"]
[Result "0-1"]
[WhiteTitle "FM"]
[BlackTitle "FM"]
[WhiteElo "2309"]
[BlackElo "2328"]
[WhiteTeam "CSKB Torveca Caffè Vigevano"]
[BlackTeam "Acc. Scacch. Italiana Bologna"]
[WhiteFideId "803014"]
[BlackFideId "800015"]

1. Nf3 Nf6 2. g3 g6 3. Bg2 Bg7 4. O-O O-O 5. c4 d5 6. d4 dxc4 7. Ne5 Nfd7 8.
Nxc4 Nb6 9. Na5 c6 10. e3 N8d7 11. Nd2 e5 12. Ndb3 Qe7 13. Qc2 Re8 14. Bd2 e4
15. a3 Nd5 16. Rae1 N7f6 17. Nc5 b6 18. Nxc6 Qd6 19. Nxe4 Nxe4 20. Bxe4 Rxe4 21.
Qxe4 Qxc6 22. Rc1 Qd7 23. Qh4 Bf6 24. Qh6 Bb7 25. e4 Bxd4 26. Rcd1 Qe6 27. Rfe1
Qf6 28. Bf4 Nxf4 29. Qxf4 Qxf4 30. gxf4 Bxb2 31. Rd7 Ba6 32. Rb1 Bxa3 33. Ra1
Bc8 34. Rd8+ Bf8 35. f5 a5 36. e5 gxf5 37. Rc1 Bb7 38. Rd7 Be4 39. Rc3 f4 40.
Rc4 Bf5 0-1

[Event "TCh-ITA 2012"]
[Site "Arvier ITA"]
[Date "2012.05.01"]
[Round "7"]
[White "De Filomeno, Simone"]
[Black "Napoli, Nicolo'"]
[Result "1-0"]
[WhiteTitle "FM"]
[BlackTitle "FM"]
[WhiteElo "2280"]
[BlackElo "2327"]
[WhiteTeam "Acc. Scacch. Italiana Bologna"]
[BlackTeam "CSKB Torveca Caffè Vigevano"]
[WhiteFideId "828688"]
[BlackFideId "813702"]

1. e4 e6 2. Nf3 d5 3. Nc3 Nf6 4. e5 Nfd7 5. d4 c5 6. dxc5 Nc6 7. Bf4 Bxc5 8. Bd3
a6 9. O-O Be7 10. Bg3 g5 11. Re1 h5 12. h3 Nc5 13. a3 Bd7 14. Bf1 b6 15. b4 Nb7
16. Ne2 Rg8 17. Ned4 Nxd4 18. Nxd4 h4 19. Bh2 Qc8 20. Re3 Nd8 21. Rc1 Nc6 22. c4
dxc4 23. Rxc4 b5 24. Rc1 Qb7 25. Qf3 Nd8 26. Be2 Rc8 27. Rec3 Rxc3 28. Rxc3 Qb6
29. Qe3 a5 30. bxa5 Qxa5 31. Rb3 Bc5 32. Qd3 Nc6 33. Nc2 Ne7 34. Bf3 Qa7 35. Qd2
Nf5 36. Rd3 Nh6 37. Nb4 Bxb4 38. Qxb4 Nf5 39. Kf1 Ne7 40. Bg1 g4 41. hxg4 Rg5
42. Bh2 Ng6 43. Qd6 Ne7 44. Bf4 Nc8 45. Qxd7+ 1-0

[Event "TCh-ITA 2012"]
[Site "Arvier ITA"]
[Date "2012.05.01"]
[Round "7"]
[White "Salvetti, Alec"]
[Black "Costantini, Roberto"]
[Result "1/2-1/2"]
[WhiteTitle "FM"]
[BlackTitle "FM"]
[WhiteElo "2210"]
[BlackElo "2290"]
[WhiteTeam "CSKB Torveca Caffè Vigevano"]
[BlackTeam "Acc. Scacch. Italiana Bologna"]
[WhiteFideId "802271"]
[BlackFideId "807621"]

1. e4 c5 2. Nc3 d6 3. f4 Nc6 4. Bb5 Bd7 5. Nf3 g6 6. O-O Bg7 7. d3 Nd4 8. Bxd7+
Qxd7 9. Nxd4 cxd4 10. Ne2 f5 11. c3 dxc3 12. Nxc3 Nf6 13. Qb3 e6 14. exf5 gxf5
15. Re1 Kf7 16. h3 Rhg8 17. Be3 Bh6 18. Qb5 Qc6 19. Qxc6 bxc6 20. Kf2 Rab8 21.
b3 Rb4 22. g3 c5 23. Rad1 Bg7 24. Rc1 Nd7 25. Ne2 a5 26. Bd2 Rb7 27. Kf3 h5 28.
Bxa5 Ra8 29. Bc3 Rxa2 30. Bxg7 Kxg7 31. Nc3 Ra6 32. Rxe6 Nf8 33. Re3 Rxb3 34.
Nd5 Raa3 35. Rd1 Kf7 36. Re7+ Kg6 37. Re3 Kf7 38. g4 hxg4+ 39. hxg4 fxg4+ 40.
Kxg4 Ne6 41. f5 Ra4+ 42. Kh5 Nf4+ 43. Nxf4 Rxf4 44. Kg5 Rbb4 45. Rg3 Rf2 46. Ra1
Rbf4 47. Ra7+ Kf8 48. Ra8+ Kf7 49. Ra7+ Kf8 1/2-1/2

[Event "TCh-ITA 2012"]
[Site "Arvier ITA"]
[Date "2012.05.01"]
[Round "7"]
[White "Castaldo, Folco"]
[Black "Manca, Federico"]
[Result "1-0"]
[WhiteTitle "IM"]
[BlackTitle "IM"]
[WhiteElo "2417"]
[BlackElo "2424"]
[WhiteTeam "SS Eporediese Ivrea"]
[BlackTeam "Pizzato Elettr. Scacchi Marostica"]
[WhiteFideId "806560"]
[BlackFideId "800171"]

1. e4 c6 2. d3 d5 3. Nd2 e5 4. Ngf3 Bd6 5. d4 exd4 6. exd5 cxd5 7. Bb5+ Nc6 8.
Nb3 Ne7 9. O-O Bg4 10. Nbxd4 O-O 11. Be2 h6 12. Be3 Re8 13. Re1 a6 14. c3 Bc7
15. Nd2 Bxe2 16. Qxe2 Qd6 17. Nf1 Ng6 18. Rad1 Re5 19. Nf3 Re6 20. Ng3 Rae8 21.
Qd2 Rd8 22. Nf5 Qf8 23. N3d4 Re5 24. Ng3 Na5 25. b3 Rde8 26. Nf3 R5e6 27. Qxd5
Qa3 28. Qc5 Qxc5 29. Bxc5 Nf4 30. Rxe6 Rxe6 31. Be3 Rd6 32. Rd4 Rxd4 33. Nxd4
Nd5 34. Bd2 Bf4 35. Be1 Be5 36. Nge2 Ne7 37. c4 Nac6 38. Nxc6 Nxc6 39. Bc3 Bxc3
40. Nxc3 Nb4 41. f4 Kf8 42. Kf2 Ke7 43. Ke3 Kd6 44. g4 Ke6 45. Ke4 g6 46. f5+
gxf5+ 47. gxf5+ Kd6 48. Kd4 Nc6+ 49. Ke4 Nb4 50. Kf4 Nd3+ 51. Ke3 Nb4 52. Ke4 h5
53. h4 Nc2 54. Kf4 Kc5 55. Ke5 Kb4 56. Ne4 Ka3 57. Nc5 Kxa2 58. Nxb7 Kxb3 59. c5
Nb4 60. Kd6 Kc4 61. c6 Nd5 62. Nd8 f6 63. Nb7 Kd4 64. Nc5 Nb6 65. Nxa6 Ke4 66.
Ke6 Kf4 67. Nc7 Kg4 68. Nd5 Nc8 69. Nxf6+ Kxh4 70. Ne4 1-0

[Event "TCh-ITA 2012"]
[Site "Arvier ITA"]
[Date "2012.05.01"]
[Round "7"]
[White "Rossi, Carlo1"]
[Black "Ranieri, Fabrizio"]
[Result "1/2-1/2"]
[WhiteTitle "IM"]
[BlackTitle "FM"]
[WhiteElo "2297"]
[BlackElo "2283"]
[WhiteTeam "Pizzato Elettr. Scacchi Marostica"]
[BlackTeam "SS Eporediese Ivrea"]
[WhiteFideId "800651"]
[BlackFideId "806927"]

1. e4 e6 2. Nf3 d5 3. e5 c5 4. b4 cxb4 5. d4 Nc6 6. a3 Bd7 7. axb4 Bxb4+ 8. c3
Be7 9. Bd3 h5 10. h4 a6 11. Ng5 Qc7 12. Rh3 Nh6 13. Na3 Na5 14. Bd2 Nf5 15. Kf1
g6 16. Kg1 Nc4 17. Nxc4 dxc4 18. Be4 Bc6 19. Qe2 Bxe4 20. Qxe4 Bxg5 21. Bxg5 Qc6
22. Qxc6+ bxc6 23. Ra4 Kd7 24. Rh1 c5 25. dxc5 Kc6 26. Kh2 Kxc5 27. Ra5+ Kc6 28.
Rha1 Rhb8 29. f3 Rb5 30. g4 Rxa5 31. Rxa5 Kb6 32. Ra4 Ng7 33. Be3+ Kc6 34. Rxc4+
Kd7 35. Rf4 Ke8 36. Rc4 Kd7 37. Rd4+ Ke8 38. Bh6 Kf8 39. gxh5 Kg8 40. hxg6 fxg6
41. Rd7 Nf5 42. Bg5 a5 43. Rd2 Rc8 44. Kh3 Rxc3 45. Ra2 Rc5 46. Bd2 Rc4 47. Rxa5
Rxh4+ 48. Kg2 Rc4 49. Ra8+ Kf7 50. Ra7+ Kg8 51. Bg5 Rc2+ 52. Kh3 Rc3 53. Kg4 Rc2 1/2-1/2

[Event "TCh-ITA 2012"]
[Site "Arvier ITA"]
[Date "2012.05.01"]
[Round "7"]
[White "Mariano, Elia"]
[Black "Schacher, Gerd"]
[Result "0-1"]
[BlackTitle "FM"]
[WhiteElo "2156"]
[BlackElo "2340"]
[WhiteTeam "SS Eporediese Ivrea"]
[BlackTeam "Pizzato Elettr. Scacchi Marostica"]
[WhiteFideId "806579"]
[BlackFideId "803979"]

1. d4 g6 2. Nf3 Bg7 3. g3 f5 4. Bg2 Nf6 5. O-O O-O 6. b3 d6 7. Bb2 Qe8 8. c4 Na6
9. Qc2 c5 10. d5 b5 11. a3 Rb8 12. Ra2 Nc7 13. Nbd2 bxc4 14. bxc4 Bd7 15. Rb1
Ba4 16. Qc1 Na8 17. Ng5 Bd7 18. Ba1 Nb6 19. e4 h6 20. Ne6 Bxe6 21. dxe6 Nxe4 22.
Nxe4 fxe4 23. Bxg7 Kxg7 24. Re2 Na8 25. Bxe4 Rxb1 26. Qxb1 Nb6 27. Qc2 Rf6 28.
Bd5 Qa4 29. Qc3 Nxd5 30. cxd5 Qd1+ 31. Re1 Qxd5 32. Qb2 Qd4 33. Qxd4 cxd4 34.
Re4 Rf3 35. a4 Kf6 36. Rxd4 Kxe6 37. Kg2 Ra3 38. Rh4 h5 39. Rb4 a5 40. Re4+ Kf6
41. f4 Ra2+ 42. Kg1 d5 43. Rd4 e6 44. h3 Ke7 45. g4 hxg4 46. hxg4 Kd6 47. Kf1
Kc5 48. Rd2 0-1

[Event "TCh-ITA 2012"]
[Site "Arvier ITA"]
[Date "2012.05.01"]
[Round "7"]
[White "Sader, Michael"]
[Black "Saccona, Silvano"]
[Result "1-0"]
[WhiteElo "2276"]
[BlackElo "2178"]
[WhiteTeam "Pizzato Elettr. Scacchi Marostica"]
[BlackTeam "SS Eporediese Ivrea"]
[WhiteFideId "1602012"]
[BlackFideId "805653"]

1. Nf3 d5 2. c4 c6 3. e3 Nf6 4. Qc2 e6 5. b3 Nbd7 6. Bb2 Be7 7. Be2 O-O 8. O-O
Re8 9. d3 Bd6 10. Nbd2 e5 11. cxd5 cxd5 12. e4 d4 13. a3 Nf8 14. Nc4 Bb8 15. b4
Ng6 16. g3 h6 17. Nfd2 Bh3 18. Rfc1 Nh7 19. Qd1 Qd7 20. a4 Bc7 21. b5 Bd8 22.
Ba3 Bg5 23. Rc2 Be7 24. Bxe7 Qxe7 25. Bg4 Ng5 26. Rac1 Qb4 27. Rb2 Qe7 28. a5
Bxg4 29. Qxg4 Ne6 30. b6 Nc5 31. Qe2 Na4 32. Rb3 axb6 33. Nxb6 Nc3 34. Rcxc3
dxc3 35. Ndc4 Rad8 36. Rxc3 Qb4 37. Qc2 Ne7 38. Qb3 Nc6 39. Nd5 Qxb3 40. Rxb3
Rd7 41. Kg2 f6 42. Rb2 Rf8 43. f4 Rfd8 44. Rb5 Nd4 45. Rb6 exf4 46. gxf4 Ra8 47.
Rb2 Ra6 48. Nb4 Ra7 49. Nd5 Nc6 50. Rb5 Nd4 51. Rc5 Nb3 52. Rc8+ Kh7 53. f5 Nxa5
54. Nf4 Nc6 55. Ne6 Ne7 56. Re8 b5 57. Nf8+ Kg8 58. Nxd7+ Kh7 59. Nf8+ Kg8 60.
Nd6 g5 61. Ne6+ Kh7 62. Rb8 h5 63. Ne8 Ng8 64. Rxb5 Kh6 65. Rb2 h4 66. N8c7 Ra3
67. Rd2 g4 68. Kf2 Ne7 69. Nd5 Ng8 70. Ke3 Ra1 71. Rg2 Kh5 72. Ndf4+ Kh6 73.
Rxg4 Kh7 74. Nf8+ Kh8 75. N4e6 Ne7 76. Nd8 1-0